Un nuevo código penal para un país más seguro y moderno (Registro nro. 36401)

Detalles MARC
000 -LEADER
fixed length control field 00410 a2200121 4500
001 - CONTROL NUMBER
control field ART_63705
005 - DATE AND TIME OF LATEST TRANSACTION
control field 20260410162057.0
008 - FIXED-LENGTH DATA ELEMENTS--GENERAL INFORMATION
fixed length control field 260409a
100 1# - MAIN ENTRY--PERSONAL NAME
Personal name Borinsky, Mariano H.
245 10 - TITLE STATEMENT
Title Un nuevo código penal para un país más seguro y moderno
700 1# - ADDED ENTRY--PERSONAL NAME
Personal name Garay, Juan Manuel
773 0# - HOST ITEM ENTRY
Title Temas de derecho penal y procesal penal
Related parts - Año 7, N° 11/12 (nov./dic. 2025)
Record control number REV60798

No hay ítems disponibles.